000 00906cam a2200301 a 4500
003 MX-MxUPN
005 20260221063958.0
008 150529s2011 mx fr 000 0 spa d
020 _a9786077901174
035 _aUPN01000203918
040 _aMX-MxUPN
_bspa
050 4 _aLB45
_bF8.2 2011
100 1 _aFullat i Genís, Octavi,
_d1928-
_930146
245 1 0 _aAntropología y educación
250 _aSegunda edición
260 _aPuebla, México :
_bUniversidad Iberoamericana Puebla,
_c2011
300 _a190 páginas :
_bilustraciones
440 0 _aLupus magister
490 0 _aLupus magister
530 _aTambién disponible en línea.
650 2 _aAntropología educacional
_94781
650 4 _aEducación
_xFilosofía
_94994
856 4 0 _uhttp://hdl.handle.net/20.500.11777/233
902 _bVíctorGodínez/291024
905 _aLibro
942 _2lcc
_cLIBRO
999 _c176019
_d176019